Communications Networking ATM&MPLS &theory and application foundations of multi-service networking (Record no. 183963)

000 -LEADER
fixed length control field 01133 a2200193 4500
003 - CONTROL NUMBER IDENTIFIER
control field Nust
005 - DATE AND TIME OF LATEST TRANSACTION
control field 20221229190034.0
020 ## - INTERNATIONAL STANDARD BOOK NUMBER
International Standard Book Number 8177223291
040 ## - CATALOGING SOURCE
Transcribing agency Nust
082 ## - DEWEY DECIMAL CLASSIFICATION NUMBER
Classification number 621.3981,MCD
100 ## - MAIN ENTRY--PERSONAL NAME
Personal name Dave Paw
9 (RLIN) 106450
245 ## - TITLE STATEMENT
Title Communications Networking ATM&MPLS &theory and application foundations of multi-service networking
Remainder of title the ultimate refrence /
Statement of responsibility, etc. Dave Paw
260 ## - PUBLICATION, DISTRIBUTION, ETC.
Place of publication, distribution, etc. New Delhi
Name of publisher, distributor, etc. Dream tech
Date of publication, distribution, etc. 2003
300 ## - PHYSICAL DESCRIPTION
Extent 937p
505 ## - FORMATTED CONTENTS NOTE
Formatted contents note Part 1: Overview Introduction Background Motivation and Standards (Page-3), Part 2:Networking and Protocol Fundamentals (Page-39) Part 3: Foundations of ATM and MPLS: Protocols and Structure (Page-253) Part 4: ATM and MPLS Support for Networking Applications (Page-443) Part 5: Quality of Service Traffic Management and Congestions Control (Page-565) Part 6: Communications Engineering and Design Consideration (Page-675) Part 7: Operations and Networks Management for ATM and MPLS (Page-459), Part 8: Design Consideration and Future Direction Involving ATM and MPLS (Page-825).
600 ## - SUBJECT ADDED ENTRY--PERSONAL NAME
Personal name Dave Paw
9 (RLIN) 106450
650 ## - SUBJECT ADDED ENTRY--TOPICAL TERM
Topical term or geographic name entry element Communication Netwroking
9 (RLIN) 106451
942 ## - ADDED ENTRY ELEMENTS (KOHA)
Source of classification or shelving scheme
Koha item type Book
Holdings
Withdrawn status Lost status Source of classification or shelving scheme Damaged status Not for loan Permanent Location Current Location Shelving location Date acquired Full call number Barcode Date last seen Price effective from Koha item type Public note
          Military College of Signals (MCS) Military College of Signals (MCS) General Stacks 12/12/2016 621.3981,MCD MCS30638 12/08/2016 12/12/2016 Book Almirah No.40, Shelf No.6
© 2023 Central Library, National University of Sciences and Technology. All Rights Reserved.